[Event "GER-chT U10"]
[Site "Magdeburg"]
[Date "2017.12.28"]
[Round "4.1"]
[White "Fuhrmann, Bahne"]
[Black "Pietsch, Johann"]
[Result "0-1"]
[WhiteElo "1493"]
[BlackElo "1264"]
[PlyCount "94"]
[EventDate "2017.12.27"]
[EventType "team-swiss"]
[EventRounds "7"]
[EventCountry "GER"]
[SourceTitle "EXT 2019"]
[Source "ChessBase"]
[SourceDate "2018.10.10"]
[SourceVersion "1"]
[SourceVersionDate "2018.10.10"]
[SourceQuality "1"]
[WhiteTeam "Hamburger SK"]
[BlackTeam "Halle Roter Turm"]
[WhiteTeamCountry "GER"]
[BlackTeamCountry "GER"]

1. e4 e5 2. Nf3 Nc6 3. Bc4 Bc5 4. d3 Nf6 5. 0-0 d6 6. c3 0-0 7. Bb3 a6 8. Re1 Qe7 9. Nbd2 Be6 10. Bc2 Rad8 11. Nf1 Ba7 12. Ng3 Rfe8 13. Bg5 h6 14. Be3 Bxe3 15. fxe3 d5 16. d4 exd4 17. exd4 dxe4 18. Bxe4 Nxe4 19. Rxe4 Qd7 20. Ne5 Nxe5 21. Rxe5 f6 22. Re1 Qb5 23. Qc2 c5 24. Rad1 Bxa2 25. dxc5 Rxd1 26. Qxd1 Rxe1+ 27. Qxe1 Qxc5+ 28. Kf1 Bc4+ 29. Ne2 Qe3 30. Qd1 Bxe2+ 31. Qxe2 Qxe2+ 32. Kxe2 Kf7 33. Kd3 Ke6 34. Kd4 Kd6 35. c4 b6 36. b4 a5 37. c5+ bxc5+ 38. bxc5+ Kc6 39. Kc4 a4 40. Kb4 a3 41. Kxa3 Kxc5 42. Kb3 Kd4 43. Kc2 Ke3 44. Kd1 Kf2 45. g4 Kg2 46. h4 Kg3 47. g5 Kxh4 0-1

[Event "GER-chT U10"]
[Site "Magdeburg"]
[Date "2016.12.29"]
[Round "6.2"]
[White "Schneider, Nils"]
[Black "Pietsch, Johann"]
[Result "1-0"]
[WhiteElo "1168"]
[BlackElo "1224"]
[PlyCount "103"]
[EventDate "2016.12.27"]
[EventType "team-swiss"]
[EventRounds "7"]
[EventCountry "GER"]
[SourceTitle "EXT 2018"]
[Source "ChessBase"]
[SourceDate "2017.10.13"]
[SourceVersion "1"]
[SourceVersionDate "2017.10.13"]
[SourceQuality "1"]
[WhiteTeam "Paderborn Akademie"]
[BlackTeam "Halle Roter Turm"]
[WhiteTeamCountry "GER"]
[BlackTeamCountry "GER"]

1. d4 Nf6 2. Nf3 d5 3. Bf4 Bf5 4. e3 e6 5. c3 Bd6 6. Bxd6 Qxd6 7. Bd3 Bg6 8. Qe2 Nbd7 9. 0-0 0-0 10. Bxg6 fxg6 11. Nbd2 Rad8 12. e4 e5 13. exd5 exd4 14. Qe6+ Kh8 15. Qxd6 cxd6 16. Nxd4 Nxd5 17. Ne6 Nc5 18. Nxd8 Rxd8 19. Nb3 Ne6 20. g3 Rf8 21. Rad1 Nec7 22. c4 Nb6 23. c5 dxc5 24. Nxc5 Nc4 25. b3 b6 26. Nd7 Rd8 27. Nxb6 Nd6 28. Nc4 Ncb5 29. Nxd6 Rxd6 30. Rxd6 Nxd6 31. Rd1 Nf7 32. Rd7 Kg8 33. Rxa7 Kf8 34. a4 Nd6 35. Kg2 Ne4 36. Kf3 Nd2+ 37. Ke3 Nxb3 38. Kd3 Nc1+ 39. Kc4 Ne2 40. a5 Ng1 41. a6 Nf3 42. Kd5 Ng5 43. Rb7 Nf7 44. Rxf7+ Kxf7 45. a7 Kf6 46. a8Q Kg5 47. Qf8 Kh6 48. Qf4+ g5 49. Qd6+ Kh5 50. h4 g6 51. Qe7 gxh4 52. Qxh4# 1-0

[Event "GER-chT U10"]
[Site "Magdeburg"]
[Date "2016.12.28"]
[Round "5.2"]
[White "Pietsch, Johann"]
[Black "Hoerhager Celjo, Denis"]
[Result "1-0"]
[WhiteElo "1224"]
[BlackElo "853"]
[PlyCount "59"]
[EventDate "2016.12.27"]
[EventType "team-swiss"]
[EventRounds "7"]
[EventCountry "GER"]
[SourceTitle "EXT 2018"]
[Source "ChessBase"]
[SourceDate "2017.10.13"]
[SourceVersion "1"]
[SourceVersionDate "2017.10.13"]
[SourceQuality "1"]
[WhiteTeam "Halle Roter Turm"]
[BlackTeam "Duesseldorf SV"]
[WhiteTeamCountry "GER"]
[BlackTeamCountry "GER"]

1. e4 e5 2. Nf3 Nc6 3. Bc4 Bc5 4. Nc3 Nf6 5. d3 d6 6. Bg5 h6 7. Bh4 g5 8. Bg3 b6 9. Qd2 Bb7 10. 0-0-0 Qd7 11. h4 0-0-0 12. hxg5 hxg5 13. Nxg5 Rxh1 14. Rxh1 Rf8 15. f3 Nd4 16. Rh6 Ng8 17. Rh7 Ne6 18. Bxe6 fxe6 19. Rxd7 Kxd7 20. Na4 Bd4 21. c3 Bg1 22. Qe1 Bc5 23. b4 b5 24. Nxc5+ dxc5 25. bxc5 Nf6 26. Bxe5 a6 27. c4 c6 28. cxb5 axb5 29. Qc3 Ke7 30. Bd6+ 1-0

[Event "GER-chT U10"]
[Site "Magdeburg"]
[Date "2016.12.28"]
[Round "3.2"]
[White "Pietsch, Johann"]
[Black "Raasch, Hauke"]
[Result "0-1"]
[WhiteElo "1224"]
[BlackElo "1404"]
[PlyCount "184"]
[EventDate "2016.12.27"]
[EventType "team-swiss"]
[EventRounds "7"]
[EventCountry "GER"]
[SourceTitle "EXT 2018"]
[Source "ChessBase"]
[SourceDate "2017.10.13"]
[SourceVersion "1"]
[SourceVersionDate "2017.10.13"]
[SourceQuality "1"]
[WhiteTeam "Halle Roter Turm"]
[BlackTeam "Berlin Eintracht"]
[WhiteTeamCountry "GER"]
[BlackTeamCountry "GER"]

1. e4 d5 2. exd5 Qxd5 3. Nc3 Qa5 4. Nf3 c6 5. Be2 Bf5 6. d3 Qc7 7. Be3 e6 8. Qd2 Nf6 9. 0-0 Nbd7 10. Rfd1 Bd6 11. h3 0-0 12. a3 Rad8 13. Nh4 Bg6 14. Nxg6 hxg6 15. Bf3 Ne5 16. Qe2 Nxf3+ 17. Qxf3 Nd5 18. Nxd5 cxd5 19. c3 b6 20. Rac1 Rc8 21. Rc2 Qe7 22. d4 Rc7 23. Bf4 Rfc8 24. Qg3 Rd7 25. Re1 Qd8 26. Be5 Qc7 27. Re3 Bxe5 28. Qxe5 Qxe5 29. Rxe5 Rdc7 30. f3 Rc4 31. Kf2 Rxd4 32. Ree2 Rdc4 33. Rcd2 Kf8 34. Ke3 Ke7 35. Rd4 Rxd4 36. Kxd4 Kd6 37. Rf2 e5+ 38. Ke3 Rc4 39. g3 f5 40. Rd2 g5 41. Rg2 Rc7 42. Rd2 f4+ 43. Kf2 Ke6 44. Re2 Kf6 45. Rd2 Rd7 46. Rd3 Ke6 47. Rd2 e4 48. gxf4 gxf4 49. Rd4 e3+ 50. Ke2 Ke5 51. Ke1 Rc7 52. Ke2 Rc4 53. Rd1 d4 54. Kd3 b5 55. Rc1 dxc3 56. bxc3 a6 57. Rg1 Kf6 58. h4 g6 59. Rb1 Kf5 60. Rg1 Ra4 61. Ra1 g5 62. h5 Kf6 63. Kc2 Kg7 64. Kb3 Kh6 65. Rh1 Rc4 66. Rh2 a5 67. Rh1 a4+ 68. Kb2 Rc5 69. Rh2 Rd5 70. Rh1 Rd2+ 71. Kc1 Rg2 72. Rh3 Rg3 73. Rh2 Rxf3 74. Re2 Kxh5 75. Rh2+ Kg4 76. Rg2+ Rg3 77. Re2 Kf3 78. Rh2 Rg1+ 79. Kc2 Rg2+ 80. Rxg2 Kxg2 81. Kd3 f3 82. Kxe3 f2 83. Ke4 f1Q 84. c4 Qxc4+ 85. Ke5 b4 86. Kf5 b3 87. Ke5 b2 88. Kd6 b1Q 89. Ke5 Qbe4+ 90. Kf6 Qce6+ 91. Kg7 Q4g6+ 92. Kf8 Qgg8# 0-1

[Event "GER-chT U10"]
[Site "Magdeburg"]
[Date "2016.12.27"]
[Round "1.2"]
[White "Pietsch, Johann"]
[Black "Waehler, Joris"]
[Result "1-0"]
[WhiteElo "1224"]
[BlackElo "890"]
[PlyCount "108"]
[EventDate "2016.12.27"]
[EventType "team-swiss"]
[EventRounds "7"]
[EventCountry "GER"]
[SourceTitle "EXT 2018"]
[Source "ChessBase"]
[SourceDate "2017.10.13"]
[SourceVersion "1"]
[SourceVersionDate "2017.10.13"]
[SourceQuality "1"]
[WhiteTeam "Halle Roter Turm"]
[BlackTeam "Halle Roter Turm II"]
[WhiteTeamCountry "GER"]
[BlackTeamCountry "GER"]

1. e4 e5 2. Nf3 Nc6 3. Bc4 Bc5 4. Nc3 Nf6 5. d3 0-0 6. Bg5 h6 7. Bh4 Na5 8. Nd5 Be7 9. Nxe5 Nxd5 10. Bxd5 Bxh4 11. Qh5 Qf6 12. Ng4 Qg5 13. Qxg5 Bxg5 14. h4 Be7 15. h5 d6 16. Ne3 Bg5 17. Ke2 c6 18. Bb3 Bxe3 19. fxe3 Nxb3 20. axb3 Kh7 21. Rhg1 Bg4+ 22. Kd2 Bxh5 23. g4 Bg6 24. Rg3 h5 25. Rh1 Kh6 26. c3 Rad8 27. b4 d5 28. e5 f6 29. gxh5 Bxh5 30. Rgh3 g6 31. d4 fxe5 32. dxe5 Rf2+ 33. Kc1 Rf3 34. Rxf3 Kg7 35. Rg3 Kh6 36. Rf1 Ra8 37. e6 a5 38. e7 Kg7 39. Rh1 Kh6 40. bxa5 g5 41. Rgh3 Re8 42. Rxh5+ Kg6 43. Rh6+ Kf5 44. Rh7 g4 45. Rf1+ Kg6 46. Rf8 Kxh7 47. Rxe8 g3 48. Rh8+ Kxh8 49. e8Q+ Kh7 50. Qf7+ Kh8 51. Qf3 Kh7 52. Qxg3 Kh8 53. Kd2 Kh7 54. Ke2 Kh6 1-0

[Event "GER-chT U10"]
[Site "Magdeburg"]
[Date "2015.12.28"]
[Round "4.2"]
[White "Pietsch, Johann"]
[Black "Kogan, Gabriel"]
[Result "0-1"]
[WhiteElo "1110"]
[BlackElo "1132"]
[PlyCount "84"]
[EventDate "2015.12.27"]
[EventType "team-swiss"]
[EventRounds "7"]
[EventCountry "GER"]
[SourceTitle "EXT 2017"]
[Source "ChessBase"]
[SourceDate "2016.10.25"]
[SourceVersion "1"]
[SourceVersionDate "2016.10.25"]
[SourceQuality "1"]
[WhiteTeam "Halle Roter Turm"]
[BlackTeam "Porz SG"]
[WhiteTeamCountry "GER"]
[BlackTeamCountry "GER"]

1. e4 e5 2. Nf3 Nc6 3. Bc4 Bc5 4. Nc3 Nf6 5. 0-0 0-0 6. d3 d6 7. Bg5 h6 8. Bh4 g5 9. Nxg5 hxg5 10. Bxg5 Be6 11. Qf3 Kg7 12. Qxf6+ Qxf6 13. Bxf6+ Kxf6 14. Bxe6 fxe6 15. Ne2 Nd4 16. Nxd4 Bxd4 17. c3 Bb6 18. g3 d5 19. exd5 exd5 20. Kg2 Ke6 21. Rae1 Rf5 22. f4 Kd6 23. fxe5+ Rxe5 24. Rf6+ Ke7 25. Rxe5+ Kxf6 26. Rxd5 Ke6 27. c4 Rf8 28. Kh3 Rf2 29. g4 Rxb2 30. g5 Rf2 31. g6 Rf8 32. Rg5 Kf6 33. Kg4 Rg8 34. h4 Rxg6 35. Rxg6+ Kxg6 36. h5+ Kg7 37. Kg5 Be3+ 38. Kg4 Kh6 39. Kf3 Bg5 40. Kg4 Be7 41. Kf4 Kxh5 42. Kf5 a5 0-1

[Event "GER-chT U10"]
[Site "Magdeburg"]
[Date "2015.12.27"]
[Round "2.2"]
[White "Pietsch, Johann"]
[Black "Morgenstern, Tobias"]
[Result "1/2-1/2"]
[WhiteElo "1110"]
[BlackElo "1490"]
[PlyCount "27"]
[EventDate "2015.12.27"]
[EventType "team-swiss"]
[EventRounds "7"]
[EventCountry "GER"]
[SourceTitle "EXT 2017"]
[Source "ChessBase"]
[SourceDate "2016.10.25"]
[SourceVersion "1"]
[SourceVersionDate "2016.10.25"]
[SourceQuality "1"]
[WhiteTeam "Halle Roter Turm"]
[BlackTeam "Magdeburg Schachzwerge"]
[WhiteTeamCountry "GER"]
[BlackTeamCountry "GER"]

1. e4 e5 2. Nf3 Nc6 3. Bc4 Bc5 4. Nc3 Nf6 5. 0-0 d6 6. d3 Bg4 7. Be3 Bb6 8. Na4 Ba5 9. c3 a6 10. b4 b5 11. Bd5 Nxb4 12. cxb4 Nd7 13. bxa5 bxa4 14. Qxa4 1/2-1/2

[Event "GER-chT U10"]
[Site "Magdeburg"]
[Date "2014.12.28"]
[Round "3.4"]
[White "Pietsch, Johann"]
[Black "Telesh, Volodymyr"]
[Result "1-0"]
[WhiteElo "971"]
[BlackElo "777"]
[PlyCount "163"]
[EventDate "2014.12.27"]
[EventType "team-swiss"]
[EventRounds "7"]
[EventCountry "GER"]
[SourceTitle "EXT 2016"]
[Source "ChessBase"]
[SourceDate "2015.10.08"]
[SourceVersion "1"]
[SourceVersionDate "2015.10.08"]
[SourceQuality "1"]
[WhiteTeam "Halle Roter Turm"]
[BlackTeam "Magdeburg Schachzwerge II"]
[WhiteTeamCountry "GER"]
[BlackTeamCountry "GER"]

1. e4 e5 2. Nf3 Nc6 3. Bc4 Bc5 4. Nc3 Nf6 5. d3 d6 6. a3 Bg4 7. Be3 Nd4 8. Bxd4 Bxd4 9. Qd2 Bc5 10. b4 Bb6 11. Ne2 0-0 12. d4 Nd7 13. a4 a6 14. Qd3 a5 15. c3 Nf6 16. Ng3 Bd7 17. 0-0 c6 18. dxe5 dxe5 19. Nxe5 Bc7 20. Nf3 Qe7 21. Rfe1 axb4 22. cxb4 Qxb4 23. Reb1 Qd6 24. Qxd6 Bxd6 25. Rxb7 Bc8 26. Rb6 Bd7 27. Nd4 Bc7 28. Ra6 Rxa6 29. Bxa6 Be5 30. Rd1 c5 31. Nb3 Bxa4 32. Bc4 Bc6 33. Nf5 Bxe4 34. Ne7+ Kh8 35. Nxc5 Bc2 36. Nd7 Nxd7 37. Ng6+ Bxg6 38. Rxd7 Bf5 39. Rd5 Be6 40. Rxe5 Bxc4 41. g3 f6 42. Re4 Bd5 43. Rd4 Ba8 44. f4 g5 45. Kf2 h6 46. f5 Re8 47. g4 Kg7 48. Rd7+ Kf8 49. Rh7 Re4 50. h3 Rf4+ 51. Kg3 Bf3 52. Rxh6 Kf7 53. Rh7+ Kg8 54. Ra7 Be4 55. Ra4 Rf3+ 56. Kg2 Re3+ 57. Kf2 Rf3+ 58. Kg2 Rf4+ 59. Kg1 Bf3 60. Rxf4 gxf4 61. Kf2 Bd1 62. Ke1 Bc2 63. Kd2 Bb3 64. Kd3 Ba4 65. Ke4 Kg7 66. Kxf4 Bb5 67. h4 Be2 68. g5 fxg5+ 69. hxg5 Kf7 70. f6 Kg6 71. Ke5 Bc4 72. Kf4 Bb3 73. Kg4 Ba2 74. Kf4 Bb3 75. Ke5 Ba2 76. Kf4 Bb3 77. Kg4 Be6+ 78. Kf4 Bb3 79. Kg4 Be6+ 80. Kh4 Bf5 81. Kg3 Kxg5 82. f7 1-0

[Event "GER-chT U10"]
[Site "Magdeburg"]
[Date "2014.12.28"]
[Round "4.4"]
[White "Schmidt, Pauline"]
[Black "Pietsch, Johann"]
[Result "1-0"]
[WhiteElo "867"]
[BlackElo "971"]
[PlyCount "61"]
[EventDate "2014.12.27"]
[EventType "team-swiss"]
[EventRounds "7"]
[EventCountry "GER"]
[SourceTitle "EXT 2016"]
[Source "ChessBase"]
[SourceDate "2015.10.08"]
[SourceVersion "1"]
[SourceVersionDate "2015.10.08"]
[SourceQuality "1"]
[WhiteTeam "Stadtilm Blau Weiss"]
[BlackTeam "Halle Roter Turm"]
[WhiteTeamCountry "GER"]
[BlackTeamCountry "GER"]

1. e4 c5 2. Nf3 d6 3. d3 Nc6 4. g3 Nf6 5. Bg2 e6 6. 0-0 Be7 7. Nbd2 Bd7 8. Re1 Qc7 9. b3 a6 10. a4 0-0 11. Nf1 e5 12. h3 h6 13. N1h2 Nb4 14. c3 Nc6 15. d4 cxd4 16. cxd4 Rfd8 17. d5 Na7 18. Nh4 Nh7 19. Nf5 Bf6 20. Ng4 b5 21. Nxf6+ Nxf6 22. g4 Bxf5 23. exf5 Qb7 24. g5 hxg5 25. Bxg5 Qe7 26. Qf3 e4 27. Qg3 Re8 28. Rac1 Qd7 29. Bxf6 g6 30. Qh4 Qe7 31. Qh8# 1-0

[Event "GER-chT U10"]
[Site "Magdeburg"]
[Date "2014.12.27"]
[Round "2.4"]
[White "Lindemann, Jarno"]
[Black "Pietsch, Johann"]
[Result "0-1"]
[WhiteElo "1115"]
[BlackElo "971"]
[PlyCount "108"]
[EventDate "2014.12.27"]
[EventType "team-swiss"]
[EventRounds "7"]
[EventCountry "GER"]
[SourceTitle "EXT 2016"]
[Source "ChessBase"]
[SourceDate "2015.10.08"]
[SourceVersion "1"]
[SourceVersionDate "2015.10.08"]
[SourceQuality "1"]
[WhiteTeam "Hagen"]
[BlackTeam "Halle Roter Turm"]
[WhiteTeamCountry "GER"]
[BlackTeamCountry "GER"]

1. d4 Nf6 2. Nc3 d6 3. Bg5 Nbd7 4. e3 e6 5. Bb5 Be7 6. Nf3 b6 7. Bc6 Rb8 8. e4 Bb7 9. Bxb7 Rxb7 10. e5 dxe5 11. Nxe5 Nxe5 12. dxe5 Qxd1+ 13. Rxd1 Nd7 14. Bxe7 Kxe7 15. f4 c5 16. g3 f6 17. exf6+ Nxf6 18. 0-0 Ng4 19. f5 Ne3 20. Rde1 Nxf1 21. Rxe6+ Kf7 22. Nb5 Rd7 23. Nd6+ Rxd6 24. Rxd6 Ne3 25. Rd2 Nxf5 26. Rf2 g6 27. g4 Rg8 28. Kf1 Ke6 29. gxf5+ gxf5 30. Re2+ Kf6 31. Kf2 Rg4 32. Rd2 Rd4 33. Re2 a5 34. c3 Rd3 35. a3 f4 36. Re4 Kf5 37. Re7 Rd2+ 38. Re2 Rxe2+ 39. Kxe2 Kg4 40. b3 b5 41. b4 axb4 42. axb4 cxb4 43. cxb4 h5 44. Kf2 f3 45. Ke3 h4 46. Kf2 Kf4 47. h3 Ke4 48. Kf1 Kd4 49. Kf2 Kc4 50. Kxf3 Kxb4 51. Ke2 Kc3 52. Kd1 Kd3 53. Kc1 Ke2 54. Kb2 Kf2 0-1

[Event "GER-chT U10"]
[Site "Magdeburg"]
[Date "2014.12.27"]
[Round "1.4"]
[White "Pietsch, Johann"]
[Black "Kemper, Matti"]
[Result "1-0"]
[WhiteElo "971"]
[BlackElo "600"]
[PlyCount "41"]
[EventDate "2014.12.27"]
[EventType "team-swiss"]
[EventRounds "7"]
[EventCountry "GER"]
[SourceTitle "EXT 2016"]
[Source "ChessBase"]
[SourceDate "2015.10.08"]
[SourceVersion "1"]
[SourceVersionDate "2015.10.08"]
[SourceQuality "1"]
[WhiteTeam "Halle Roter Turm"]
[BlackTeam "Halle Roter Turm II"]
[WhiteTeamCountry "GER"]
[BlackTeamCountry "GER"]

1. e4 e5 2. Nf3 Nc6 3. Bc4 Nf6 4. Nc3 Bc5 5. d3 0-0 6. Bd2 d6 7. Ne2 Ng4 8. d4 Nxd4 9. Nexd4 exd4 10. Bg5 Bb4+ 11. c3 Qd7 12. cxb4 Ne5 13. Qxd4 Nxf3+ 14. gxf3 Qh3 15. Rg1 Qxh2 16. Kf1 Bh3+ 17. Ke2 a5 18. Bh6 Qe5 19. Bxg7 Qxd4 20. Bxd4+ Bg4 21. Rxg4# 1-0

[Event "Berlin Spring op-B"]
[Site "Berlin"]
[Date "2014.05.03"]
[Round "5"]
[White "Pietsch, Johann"]
[Black "Brosius, Rene"]
[Result "0-1"]
[WhiteElo "786"]
[BlackElo "1222"]
[PlyCount "110"]
[EventDate "2014.05.01"]
[EventType "swiss"]
[EventRounds "7"]
[EventCountry "GER"]
[SourceTitle "CBM 160 Extra"]
[Source "ChessBase"]
[SourceDate "2014.07.01"]
[SourceVersion "1"]
[SourceVersionDate "2014.07.01"]
[SourceQuality "1"]

1. e4 e5 2. Nf3 f6 3. Nc3 Nc6 4. d3 d6 5. Be2 Be6 6. b3 Nge7 7. Bb2 d5 8. exd5 Nxd5 9. Qd2 Bb4 10. a4 Qd6 11. d4 Nf4 12. dxe5 Qxd2+ 13. Kxd2 0-0-0+ 14. Kc1 Bxc3 15. Kb1 Nxe2 16. Bxc3 Nxc3+ 17. Kb2 Ne4 18. exf6 gxf6 19. Rhf1 Rhg8 20. Rad1 Rxd1 21. Rxd1 Nxf2 22. Rg1 Nd1+ 23. Rxd1 Rxg2 24. Ka3 Rxc2 25. Rd3 Bf5 26. Rd5 Be4 27. Rd2 Rc3 28. Nd4 Rd3 29. Rxd3 Bxd3 30. Nxc6 bxc6 31. Kb2 f5 32. Kc3 Be4 33. Kd4 Bd5 34. b4 f4 35. Kd3 f3 36. h3 h5 37. h4 Kb7 38. a5 Ka6 39. Kd2 Kb5 40. Ke1 Kxb4 41. Kd1 c5 42. a6 c4 43. Ke1 c3 44. Kd1 Kb3 45. Ke1 Kb2 46. Kf1 c2 47. Kf2 c1Q 48. Kg3 Qc4 49. Kf2 Qd4+ 50. Kg3 Qg4+ 51. Kf2 Qxh4+ 52. Ke3 f2 53. Ke2 Bg2 54. Kd2 Qd4+ 55. Ke2 f1Q# 0-1

[Event "Berlin Spring op-B"]
[Site "Berlin"]
[Date "2014.05.01"]
[Round "1"]
[White "Baum, Jonasz"]
[Black "Pietsch, Johann"]
[Result "1-0"]
[WhiteElo "1596"]
[BlackElo "786"]
[PlyCount "87"]
[EventDate "2014.05.01"]
[EventType "swiss"]
[EventRounds "7"]
[EventCountry "GER"]
[SourceTitle "CBM 160 Extra"]
[Source "ChessBase"]
[SourceDate "2014.07.01"]
[SourceVersion "1"]
[SourceVersionDate "2014.07.01"]
[SourceQuality "1"]

1. e4 e5 2. Nf3 Nc6 3. Bc4 Nh6 4. d3 Be7 5. Bxh6 gxh6 6. Nc3 b6 7. Nd5 Bb7 8. Nxe7 Qxe7 9. Qd2 0-0-0 10. Qxh6 Qb4+ 11. Qd2 Qxb2 12. 0-0 Qa3 13. Bxf7 Qf8 14. Bd5 Qg7 15. Qg5 Qxg5 16. Nxg5 Rde8 17. f4 h6 18. Nf7 Rh7 19. Bxc6 Bxc6 20. Nxe5 Rg8 21. f5 Rhg7 22. g3 h5 23. f6 Rg5 24. Nf3 R5g6 25. Nh4 Rg5 26. Nf5 Rf8 27. e5 h4 28. Ne7+ Kd8 29. Nxc6+ dxc6 30. e6 Kc8 31. e7 Rxf6 32. e8Q+ Kb7 33. Rxf6 h3 34. Rf8 Ka6 35. Qc8+ Kb5 36. Rf5+ Rxf5 37. Qxf5+ c5 38. Qd7+ Kb4 39. Kf2 Kc3 40. Ke2 Kb2 41. Kd2 Kxa1 42. Kc1 c6 43. Qg7+ Kxa2 44. Qb2# 1-0